| 000 | 00372nam a2200133 i 4500 | ||
|---|---|---|---|
| 001 | bg | ||
| 100 | 1 | _aSZYMURA, Jacek A. | |
| 245 | 0 |
_aBadanie zjawisk silnych oddziaływań metal-nośnik na przykładzie katalizatorów... / _cJacek A.Szymura. |
|
| 260 |
_aBydgodzcz, _c1988. |
||
| 040 | _cBPK | ||
| 041 | _apol | ||
| 942 | _cKS | ||
| 008 | s pl f |000 0 pol | ||
| 999 |
_c28698 _d28698 |
||
| 856 |
_uhttp://koha.tu.koszalin.pl/cgi-bin/koha/opac-detail.pl?biblionumber=28698 _yKatalog online BPK |
||